000 00694nam a2200229 a 4500
005 20140310183614.0
008 120903s19uu xx 00 eng d
020 _a9781426018374
050 _aHF 5385
_b.Sh31 2009
100 _aShea, Gordon
245 _aMaking the most of being mentored :
_bmentors help, mentees do /
_cGordon Shea.
250 _a2nd ed.
260 _a[Rochester, N.Y.] :
_bAxzo Press,
_c2009.
300 _a111 p. :
_bill. ;
_c28 cm.
440 _aCrisp Fifty-Minute Series Book
500 _aCrisp Fifty-Minute Series: Know how. Right now.
521 _aBSBA
650 _aMentoring in business
942 _cBK
_2lcc
_kFOR
999 _c25291
_d25291